बारहवीं रात / (Record no. 48621)

MARC details
000 -LEADER
fixed length control field 01405nam a22002777a 4500
005 - DATE AND TIME OF LATEST TRANSACTION
control field 20090316110612.0
008 - FIXED-LENGTH DATA ELEMENTS--GENERAL INFORMATION
fixed length control field 090316t xxu||||| |||| 00| 0 hin d
010 ## - LCCN (DPL NO)
LC control number HIN-90992
020 ## - INTERNATIONAL STANDARD BOOK NUMBER
Terms of availability 195.00
International Standard Book Number 9788188029852
035 ## - SYSTEM CONTROL NUMBER
System control number HN-63338
037 ## - SOURCE OF ACQUISITION
Source of stock number/acquisition DBAD / PUB
040 ## - CATALOGING SOURCE
Original cataloging agency DPL
Language of cataloging HN
082 ## - DEWEY DECIMAL CLASSIFICATION NUMBER
Classification number 882
100 ## - MAIN ENTRY--PERSONAL NAME
9 (RLIN) 24114
Personal name शेक्सपियर, विलियम
245 ## - TITLE STATEMENT
Title बारहवीं रात /
Statement of responsibility, etc विलियम शेक्सपियर; मृदुला जयन्त घराई द्वारा अनुदित
260 ## - PUBLICATION, DISTRIBUTION, ETC. (IMPRINT)
Place of publication, distribution, etc दिल्ली
Name of publisher, distributor, etc जनचेतना प्रकाशन
Date of publication, distribution, etc 2010
270 ## - ADDRESS
Address 64-ए,फेस-3,पॉकेट-डी,एल.आई.जी फ्लैट्स, दीप एन्कलेव, अशोक विहार
City दिल्ली
Postal code 110052
300 ## - PHYSICAL DESCRIPTION
Extent 112 पृ.
Dimensions 22सेमी (सजिल्द)
Other physical details सचित्र
490 ## - SERIES STATEMENT
Series statement विलियम शेक्सपियर की विश्व विख्यात कृति
-- 24376
650 ## - SUBJECT ADDED ENTRY--TOPICAL TERM
9 (RLIN) 1169
700 ## - ADDED ENTRY--PERSONAL NAME
9 (RLIN) 24212
Personal name मृदुला जयन्त घराई
700 ## - ADDED ENTRY--PERSONAL NAME
9 (RLIN) 24373
700 ## - ADDED ENTRY--PERSONAL NAME
9 (RLIN) 24219
942 ## - ADDED ENTRY ELEMENTS (KOHA)
Source of classification or shelving scheme Dewey Decimal Classification
Item type Hindi Books
Call number suffix शेक्सपि
Classification part 882
Holdings
Withdrawn status Lost status Source of classification or shelving scheme Damaged status Not for loan Collection code Home library Current library Date acquired Source of acquisition Cost, normal purchase price Total Checkouts Full call number Barcode Date last seen Copy number Cost, replacement price Koha item type
    Dewey Decimal Classification   Not For Loan Non-fiction D.B.Act.Division D.B.Act.Division 19/11/2010 DBAD /PUB 195.00   882 शेक्सपि HN-63338 19/11/2010 1 195.00 Hindi Books

© Delhi Public Library
Hit Counter
free hit counter